000 01045nam a22003257a 4500
003 CHAP
005 20220817042916.0
008 971013s1995 r 00010 d
010 _a59594
011 _a60566
035 _a64728
040 _cCHAP
082 _a636.08
_bF3Y v.123
110 _aFAO
245 1 _aProcesamiento de subproductos animales comestibles
260 _aRoma :
_bFAO,
_c1995
300 _a167 p.
_b: ilus.
490 0 _aFAO. Producción y sanidad animal
_v; 123
590 _aBATCH-UPD
_b10
_c20130110
_lUCH01
_h0641
590 _aBATCH-UPD
_b10
_c20130410
_lUCH01
_h0325
590 _aBATCH-UPD
_b10
_c20130914
_lUCH01
_h1402
590 _aCONVERSION
_b10
_c20130109
_lUCH01
_h1332
650 1 4 _aProductos animales
_xSubproductos.
_992049
650 1 4 _aProductos pecuarios
_xSubproductos.
_992199
700 0 _aVenegas Fornías, O.
_9118680
830 0 _aFAO. Producción y sanidad animal
_v; 123
_939655
901 _aBK
942 _cLIBRO
949 _a636.08 F3Y v.123
_bBC
_cFAO
_d33724000662607
_eFAO1
_h89926
_i64728
_si
999 _c59594
_d59594